000 01329nam a2200241Ii 4500
003 JO-AjNU
005 20240630100455.0
008 230605s9999||||xx |||||||||||||| ||und||
040 _aJO-AjNU
_bara
_erda
_cJO-AjNU
041 _aara
050 1 4 _aQA76 2017
100 1 _aالفياض، رشا غني هاشم
_eمعد
_965908
245 0 0 _aدرجة امتلاك اساتذة الرياضيات للكفايات الحاسوبية وممارستهم لها في كليات التربية في الجامعات العراقية= The Degree of Possessing and Practicing the Computer Competencies by Mathematics Teachers at the Iragi Universities /
_cاعداد رشا غني هاشم الفياض؛ اشراف احمد حسن القضاة
264 3 1 _a 2017
300 _a103 ورقة
336 _atext
_btxt
_2rdacontent
337 _aunmediated
_bn
_2rdamedia
338 _avolume
_bnc
_2rdacarrier
500 _aرسالة جامعية( ماجستير في مناهج الرياضيات ومعالجة البيانات)--جامعة ال البيت، كلية العلوم التربوية(المفرق)، 2017، يشتمل على جداول توضيحية
650 4 _aالرياضيات - تعليم - معالجة بيانات
_957648
700 1 _aالقضاة، أحمد حسن
_962613
_eمشرف
942 _2lcc
_cTHS
999 _c29414
_d29414